000 00654nam a2200181Ia 4500
008 090630s9999 xx 000 0 und d
082 _b21976
100 _aघाणेकर प्र. के.
245 _aगडांचा राजा राजगड.
_cघाणेकर प्र. के.
260 _bस्नेहल - पुणे 4.
_c2001
300 _a86
600 _aघाणेकर प्र. के.
630 _aगडांचा राजा राजगड.
655 _aइतर.
700 _aघाणेकर प्र. के.
730 _aगडांचा राजा राजगड.
942 _cBOOK
999 _c273832
_d273832